Studying strategies : A core concept course for the first certificate examination
Studying Strategies is the fourth book in the Strategies series. The book contains 15 units of k\work, arranged in groups of four teaching units followed by a consolidation unit. Each unit is based on internationally relevant themes - foreign travel, crime, medicine and health, festivals, science an...
Zapisane w:
| 1. autor: | |
|---|---|
| Format: | Książka |
| Język: | Undetermined |
| Wydane: |
London, UK
Longman
1982
|
| Hasła przedmiotowe: | |
| Etykiety: |
Dodaj etykietę
Nie ma etykietki, Dołącz pierwszą etykiete!
|
| Thư viện lưu trữ: | Trung tâm Học liệu Trường Đại học Cần Thơ |
|---|
| LEADER | 01011nam a2200205Ia 4500 | ||
|---|---|---|---|
| 001 | CTU_141393 | ||
| 008 | 210402s9999 xx 000 0 und d | ||
| 082 | |a 428.24 | ||
| 082 | |b A224 | ||
| 100 | |a Adds, Brian | ||
| 245 | 0 | |a Studying strategies : | |
| 245 | 2 | |b A core concept course for the first certificate examination | |
| 245 | 0 | |c Brian Adds, Ingrid Freebairn with John Clegg, Norman Whiney | |
| 260 | |a London, UK | ||
| 260 | |b Longman | ||
| 260 | |c 1982 | ||
| 520 | |a Studying Strategies is the fourth book in the Strategies series. The book contains 15 units of k\work, arranged in groups of four teaching units followed by a consolidation unit. Each unit is based on internationally relevant themes - foreign travel, crime, medicine and health, festivals, science and technology. The sources is designed for intermediate students aged 16 or over. | ||
| 650 | |a English language,Ngôn ngữ tiếng Anh | ||
| 904 | |i Trọng Hiếu | ||
| 980 | |a Trung tâm Học liệu Trường Đại học Cần Thơ | ||